| 000 | 00704nam a22002057a 4500 | ||
|---|---|---|---|
| 999 |
_c173038 _d173038 |
||
| 005 | 20200218101656.0 | ||
| 010 | _aENG-127888 | ||
| 020 |
_c1195.00 _a9780199489626 |
||
| 035 | _aEN-111420 | ||
| 037 | _bDBAD/PUB | ||
| 082 | _a324.9540532 | ||
| 245 |
_aThe algebra of warfare-welfare: _cedited by Irfan Ahmad [and] Pralay Kanungo _ba long view of India's 2014 election/ |
||
| 260 |
_aNew Delhi _c2019 _bOxford University Press |
||
| 270 |
_a2/11 Ground Floor,Ansari Road,Dariyaganj _e110002 _bNew Delhi |
||
| 300 |
_axvii;385p. _b22(hb) |
||
| 500 | _aincludes bibliographical references and index | ||
| 700 | _aAhmad, Irfan, | ||
| 700 | _aKanungo, Pralay | ||
| 942 |
_2ddc _cEN _hALG _k324.9540532 |
||